000 00539nam a2200205Ia 4500
005 20250923144322.0
008 008 250917s9999 xx 000 0 eng d
037 _aTextual
040 _aDSWL
_beng
_cDSWL
041 _aeng
_2eng
084 _aY:45, H7
_qDSWL
100 _aTaft, Donald R.
_9823629
245 0 _aCriminology
_cby Donald R. Taft
260 _aNew York
_b Macmillan
_c1947
300 _a786 p.
365 _aINR
_b30
925 _g30
942 _cTEXL
_hY:45, H7
999 _c1437402
_d1437402